<?xml version="1.0" encoding="UTF-8"?>
<record
    xmlns:xsi="http://www.w3.org/2001/XMLSchema-instance"
    xsi:schemaLocation="http://www.loc.gov/MARC21/slim http://www.loc.gov/standards/marcxml/schema/MARC21slim.xsd"
    xmlns="http://www.loc.gov/MARC21/slim">

  <leader>01254cam a2200349   4500</leader>
  <datafield tag="999" ind1=" " ind2=" ">
    <subfield code="c">24205</subfield>
    <subfield code="d">24205</subfield>
  </datafield>
  <controlfield tag="001">vtls012020628</controlfield>
  <controlfield tag="005">20260507110457.0</controlfield>
  <controlfield tag="008">210401s2021    xo oa  grf    000 0 slo  </controlfield>
  <datafield tag="020" ind1=" " ind2=" ">
    <subfield code="a">9788055171883</subfield>
    <subfield code="q">(bro&#x17E;ovan&#xE9;)</subfield>
  </datafield>
  <datafield tag="040" ind1=" " ind2=" ">
    <subfield code="a">TVZK</subfield>
    <subfield code="b">slo</subfield>
    <subfield code="c">TVZK</subfield>
    <subfield code="d">SNK</subfield>
    <subfield code="e">rda</subfield>
  </datafield>
  <datafield tag="041" ind1="1" ind2=" ">
    <subfield code="a">slo</subfield>
    <subfield code="h">fre</subfield>
  </datafield>
  <datafield tag="044" ind1=" " ind2=" ">
    <subfield code="a">xo</subfield>
    <subfield code="c">SK</subfield>
  </datafield>
  <datafield tag="072" ind1=" " ind2="7">
    <subfield code="a">645</subfield>
    <subfield code="x">N&#xE1;bytok</subfield>
    <subfield code="2">konspekt</subfield>
  </datafield>
  <datafield tag="072" ind1=" " ind2="7">
    <subfield code="a">67/68</subfield>
    <subfield code="x">Remesl&#xE1;. R&#xF4;zne odvetvia priemyslu</subfield>
    <subfield code="2">konspekt</subfield>
  </datafield>
  <datafield tag="080" ind1=" " ind2=" ">
    <subfield code="a">689-051</subfield>
    <subfield code="2">2011</subfield>
  </datafield>
  <datafield tag="080" ind1=" " ind2=" ">
    <subfield code="a">(035)</subfield>
    <subfield code="2">2011</subfield>
  </datafield>
  <datafield tag="240" ind1="1" ind2="0">
    <subfield code="a">Comment planter un clou</subfield>
    <subfield code="l">Slovensky</subfield>
  </datafield>
  <datafield tag="245" ind1="0" ind2="0">
    <subfield code="a">Ako zat&#x13A;c&#x165; klinec</subfield>
    <subfield code="b">prebu&#x10F;te v sebe dom&#xE1;ceho majstra!</subfield>
    <subfield code="c">z franc&#xFA;zskeho origin&#xE1;lu Comment planter un clou ... prelo&#x17E;ila  Andrea &#x10C;ern&#xE1;kov&#xE1;</subfield>
  </datafield>
  <datafield tag="250" ind1=" " ind2=" ">
    <subfield code="a">Prv&#xE9; vydanie</subfield>
  </datafield>
  <datafield tag="264" ind1=" " ind2="1">
    <subfield code="a">Bratislava</subfield>
    <subfield code="b">IKAR a.s - Pr&#xED;roda</subfield>
    <subfield code="c">2021</subfield>
  </datafield>
  <datafield tag="300" ind1=" " ind2=" ">
    <subfield code="a">111 str&#xE1;n</subfield>
    <subfield code="b">farebn&#xE9; fotografie, ilustr&#xE1;cie</subfield>
    <subfield code="c">20 cm</subfield>
  </datafield>
  <datafield tag="336" ind1=" " ind2=" ">
    <subfield code="a">text</subfield>
    <subfield code="b">txt</subfield>
    <subfield code="2">rdacontent</subfield>
  </datafield>
  <datafield tag="336" ind1=" " ind2=" ">
    <subfield code="a">statick&#xFD; obraz</subfield>
    <subfield code="b">sti</subfield>
    <subfield code="2">rdacontent</subfield>
  </datafield>
  <datafield tag="337" ind1=" " ind2=" ">
    <subfield code="a">bez m&#xE9;dia</subfield>
    <subfield code="b">n</subfield>
    <subfield code="2">rdamedia</subfield>
  </datafield>
  <datafield tag="338" ind1=" " ind2=" ">
    <subfield code="a">zv&#xE4;zok</subfield>
    <subfield code="b">nc</subfield>
    <subfield code="2">rdacarrier</subfield>
  </datafield>
  <datafield tag="650" ind1="0" ind2="7">
    <subfield code="a">dom&#xE1;ci majstri</subfield>
    <subfield code="2">SNKPH</subfield>
    <subfield code="9">4764</subfield>
  </datafield>
  <datafield tag="650" ind1="0" ind2="7">
    <subfield code="a">Handymen</subfield>
    <subfield code="2">SNKPHeng</subfield>
    <subfield code="9">4767</subfield>
  </datafield>
  <datafield tag="655" ind1=" " ind2="7">
    <subfield code="a">pr&#xED;ru&#x10D;ky</subfield>
    <subfield code="2">SNKPH</subfield>
    <subfield code="9">1541</subfield>
  </datafield>
  <datafield tag="655" ind1=" " ind2="7">
    <subfield code="a">Handbooks, manuals, etc.</subfield>
    <subfield code="2">SNKPHeng</subfield>
    <subfield code="9">1630</subfield>
  </datafield>
  <datafield tag="700" ind1="1" ind2=" ">
    <subfield code="a">&#x10C;ern&#xE1;kov&#xE1;, Andrea,</subfield>
    <subfield code="d">1975-</subfield>
    <subfield code="4">trl</subfield>
    <subfield code="9">5552</subfield>
  </datafield>
  <datafield tag="958" ind1=" " ind2=" ">
    <subfield code="a">UP</subfield>
  </datafield>
  <datafield tag="952" ind1=" " ind2=" ">
    <subfield code="0">0</subfield>
    <subfield code="1">0</subfield>
    <subfield code="2">udc</subfield>
    <subfield code="4">0</subfield>
    <subfield code="7">0</subfield>
    <subfield code="8">K</subfield>
    <subfield code="a">10000</subfield>
    <subfield code="b">10000</subfield>
    <subfield code="d">2026-05-07</subfield>
    <subfield code="g">1.00</subfield>
    <subfield code="i">22571</subfield>
    <subfield code="o">I1928</subfield>
    <subfield code="p">I1928</subfield>
    <subfield code="r">2026-05-07</subfield>
    <subfield code="w">2026-05-07</subfield>
    <subfield code="y">OLDO</subfield>
  </datafield>
</record>
